| 000 | 00594nam a22001937a 4500 | ||
|---|---|---|---|
| 999 |
_c19037 _d19037 |
||
| 003 | AR-CdUCM | ||
| 008 | 190516b ||||| |||| 00| 0 spa d | ||
| 040 |
_aMUNICIPALIDAD PROVINCIAL DEL CUSCO _cBIBLIOTECA MUNICIPAL DEL CUSCO |
||
| 082 |
_a301 / _bAC18 |
||
| 100 |
_aAcevedo Escobedo, Antonio _940097 |
||
| 245 | _aLa vida en Mexico / | ||
| 260 |
_aMexico : _bSecretaria de educación publica, _c1944. |
||
| 300 |
_a94 paginas ; _c20.5 cm. |
||
| 505 | _aContenido: La vida en Mexico | ||
| 650 |
_aMexico _918 |
||
| 650 |
_aHistoria _9136 |
||
| 942 |
_2ddc _cLIBROS |
||
| 945 |
_apjha _d2019-05-16 |
||